Land use and reform in Nigeria : law and practice (Record no. 31821)

MARC details
000 -LEADER
fixed length control field 00531nam a2200181Ia 4500
020 ## - INTERNATIONAL STANDARD BOOK NUMBER
ISBN 9782236489
050 ## - CALL MARK
Classification number KP 103 .A2/
100 ## - STATEMENT OF RESPONSIBILITY--MAIN AUTHOR NAME
Personal name Abugu, Uwakwe
245 #0 - TITLE STATEMENT
Title Land use and reform in Nigeria : law and practice
260 ## - PUBLICATION, DISTRIBUTION, ETC. (IMPRINT)
Place of publication Abuja
260 ## - PUBLICATION, DISTRIBUTION, ETC. (IMPRINT)
Name of publisher Immaculate Prints
260 ## - PUBLICATION, DISTRIBUTION, ETC. (IMPRINT)
Year of publication 2012
300 ## - PHYSICAL DESCRIPTION
Number of Pages 317 p
650 ## - SUBJECT ADDED ENTRY--TOPICAL TERM
Topical Term Land tenure--Government policy--Nigeria. Land use, Rural--Government policy--Nigeria. Land reform--Nigeria.
942 ## - ADDED ENTRY ELEMENTS (KOHA)
Koha item type Books
Holdings
Withdrawn status Lost status Source of classification or shelving scheme Damaged status Not for loan Permanent Location Current Location Shelving location Date acquired Accession Number Price effective from Koha item type
    Library of Congress Classification     Law Library Law Library Items on shelf 04/23/2025 0012308 04/23/2025 Books